000 00556cam a2200193 a 4500
003 OSt
005 20260407115701.0
008 110328s2011 ii b 100 0 eng d
020 _a9788125041955
040 _beng
_cHDL
082 0 4 _a394.12
245 0 4 _aThe writer's feast :
_bfood and the cultures of representation /
_cedited by Supriya Chaudhuri and Rimi B. Chatterjee.
_hEnglish
250 _a1st
260 _aNew Delhi :
_bOrient Blackswan,
_c2011.
300 _axvi, 238 p.
651 _aIndia
942 _2CC
_cTEXL
_n0
999 _c1848034
_d1848034